02158nam a22001817a 450000500170000000800410001702000180005804000220007608200150009810000280011311000310014124500430017226000660021530000390028150515070032065000980182770000510192520220623194821.0220623b |||||||| |||| 00| 0 eng d a9788461353798 cBiblioteca Lado V a708bF295f aDietz, Steven (curador) aPaul, Christiane (curador) aFeedforward: El Ángel de la historia aGijónbLABoral Centro de Arte y Creación Industrialc2009 a230 p.bil. (col)c25, 5 x 19,5 cm tLa velocidad del presenterCésar AliertatUna reflexión crítica sobre el mundo actual y la función del arterRosina Gómez-BaezatRedibujando el paisaje de los mediarBenjamin WeiltFeedforward. El ángel de la historiarSteve Dietz y Christiane PaultDiseñando la desaparición del diseño rÁngel BorregotBiografíastEstética / Lenguaje SimbólicotMidiendo alteraciones: la mirada de los medias sobre el mundorChristiane PaultRuinastPensamientos catastróficosrEsther LeslietContramedidastSobre ángeles, historias y progresosrPaula AlsinatGlobalizacióntProducción estética y vida económica rTiziana TerranovatAgenciamiento: poder transformadort¿Qué (no) es progreso?rSteve Dietz y Daniel G. AndújartEstéticas / Lenguajes SimbólicosrAES+FrMargot LovejoytRuinasrStella BrennanrPaul ChanrHarwood, Wright, YokokojirHasan ElahirBárbara FluxárLanglands & BellrNaeem MohaiemenrPiotr SzyhalskitContramedidasrHasan ElahirKnowbotic Research + Peter SandbichlerrTrevor PaglenrNonny de la Peña & Peggy WeilrSystem-77CCR Consortium tGlobalizaciónrNancy DavenportrCao FeirGoldin + SennebyrJennifer and Kevin McCoyrRachael Rakena, Fez Fa`anana & Brian FuatarStephanie Rothenberg + Jeff CrouserCarey YoungtAgenciamiento: poder transformadorrDaniel G. Andújar/Technologies to the peoplerChristopher BakerrFernando García-DoryrAli Momeni + Robin MandelrCarlos MottarPiotr SzyhalskirT+T (Tamiko Thiel + Teresa Reuter) xarte contemporáneoxarte - exhibicionesxarte y sociedadxarte digitalxarte - tecnología aLABoral Centro de Arte y Creación Industrial